| 000 | 02128nam0a2200421 4500 | ||
|---|---|---|---|
| 001 | RU\NLR\BIBL_A\022458172 | ||
| 005 | 20250430124014.0 | ||
| 010 |
_a978-5-16-113080-3 _bonline |
||
| 010 |
_a978-5-16-020459-8 _bprint |
||
| 021 |
_aRU _bКН-П-24-072112 _9КН-П-24-7198 |
||
| 035 | _a(NLR Aleph) 022458172 | ||
| 090 |
_a13362308 _c13362308 |
||
| 100 | _a20250214d2025 u y0rusy50 ca | ||
| 101 | 0 | _arus | |
| 102 | _aRU | ||
| 105 | _aa j 000yy | ||
| 181 | 0 |
_ai _baxxe |
|
| 182 | 0 | _an | |
| 200 | 1 |
_aЛогика для юристов _eучебное пособие _fС. В. Корнакова, О. С. Сергеева |
|
| 203 |
_aТекст _bвизуальный _cнепосредственный |
||
| 205 | _a2-е изд., перераб. и доп. | ||
| 210 |
_aМосква _cИНФРА-М _d2025 (печ. 2024) |
||
| 215 |
_a177, [1] с. _cил. _d22 |
||
| 225 | 1 | _aСреднее профессиональное образование | |
| 300 | _aНа задней сторонке пер. 1-й авт.: Карнакова С. В., канд. юрид. наук, доц. | ||
| 300 | _aНа тит. с.: Электрон.-библ. система znanium | ||
| 320 | _aБиблиогр.: с. 174–175 (37 назв.) и в подстроч. примеч. | ||
| 606 | 1 |
_aЛогика _xПрименение в праве _jУчебные издания для среднего профессионального образования _2nlr_sh1 _2nlr_sh2 _3RU\NLR\AUTH\66666419 |
|
| 606 | 1 |
_aЛогика _jУчебные издания для среднего профессионального образования _2nlr_sh1 _2nlr_sh2 _3RU\NLR\AUTH\6640868 |
|
| 686 | 1 | _aХ.в2я723 | |
| 686 | 1 | _aЮ4я723 | |
| 700 | 1 |
_aКорнакова _bС. В. _gСветлана Викторовна |
|
| 701 | 1 |
_aСергеева _bО. С. _cпреподаватель, юриспруденция _gОлеся Сергеевна _3RU\NLR\AUTH\770279720 |
|
| 942 | _cBOOK | ||
| 980 | _aNB | ||